| 000 | 01757cam a22003494a 4500 | ||
|---|---|---|---|
| 001 | 13584339 | ||
| 005 | 20090625132153.0 | ||
| 008 | 040506s2004 ctu 001 0deng | ||
| 010 | _a 2004010799 | ||
| 020 | _a0300104367 (cloth : alk. paper) | ||
| 040 |
_aDLC _cDLC _dDLC |
||
| 042 | _apcc | ||
| 043 | _an-us--- | ||
| 050 | 0 | 0 |
_aJC251.S8 _bN67 2004 |
| 082 | 0 | 0 |
_a320.092 _222 _bNOR |
| 100 | 1 |
_aNorton, Anne. _911159 |
|
| 245 | 1 | 0 |
_aLeo Strauss and the politics of American empire / _cAnne Norton. |
| 260 |
_aNew Haven , _aLondon: _bYale University Press, _cc2004. |
||
| 300 |
_axiv, 235 p. ; _c22 cm. |
||
| 500 | _aIncludes index. | ||
| 505 | 0 | _aWho is Leo Strauss? what is a Straussian? -- The lion and the ass -- Decline into the west -- Closing the American mind -- Getting the natural right -- Persecution and the art of writing -- Ancients and moderns -- The statesman -- On tyranny -- Conservatism abandoned -- The Sicilian expedition -- Athens and Jerusalem -- The School of Baghdad. | |
| 600 | 1 | 0 |
_aStrauss, Leo. _911160 |
| 650 | 0 |
_aConservatism _zUnited States. _911161 |
|
| 650 | 0 |
_aPolitical science _xPhilosophy. _911162 |
|
| 650 | 0 |
_aPolitical science _xHistory. _911163 |
|
| 651 | 0 |
_aUnited States _xIntellectual life _y20th century. _911164 |
|
| 856 | 4 | 2 |
_3Contributor biographical information _uhttp://www.loc.gov/catdir/bios/yale051/2004010799.html |
| 856 | 4 | 2 |
_3Publisher description _uhttp://www.loc.gov/catdir/description/yale051/2004010799.html |
| 942 |
_2ddc _cBB |
||
| 999 |
_c13335 _d13335 |
||